00278nam a22000977a 4500008004100000041000800041080001000049100000600059101001200065245010300077181127b xxu||||| |||| 00| 0 eng d aeng a043.3 a0 aBTH-MBE aFormat e pronesise ligjore ne qytetin e Ferizajit me theks te vecante ne Kompanine "BBF"cGashi, M